000 00950nam a2200229Ia 4500
999 _c48713
_d48713
001 15613
003 GE_BSU
005 20230419151555.0
008 181216s1981||||ge |||||||||||||| ||geo||
040 _cGE_BSU
041 _ageo
080 _a821.161.1-32 გ-61
100 _aგოგოლი, ნიკოლაი
_917683
245 _aტარას ბულბა :
_b[მოთხრობა] /
_c ნ. გოგოლი ; თარგმნეს ი. და ა. ახალშენიშვილებმა.
264 _aთბილისი :
_bნაკადული,
_c1981.
300 _a134 გვ.;
_b20სმ.
653 _aმოთხრობა
653 _aტარას ბულბა
700 _aახალშენიშვილი, ი.
_eმთარგმნელი.
_917684
700 _aახალშენიშვილი, ა.
_eმთარგმნელი
_917685
942 _cBK
_2udc